000 00875nam a2200229 a 4500
001 000376971
003 AM-YeHGA
005 20250617163148.0
008 041103s1960 ||||||||||||||||||||rus d
040 _aAM-YeHGA
041 0 _arus
100 1 _aСеменов, М.В.
245 1 0 _aТеория механизмов и машин /
_cМ.В. Семенов, Н.Ф. Голованов, Н.Н. Мясников ; Под ред. М.В. Семенова.
260 _aЛенинград :
_bЛКВВИА,
_c1960.
300 _a482 с.
_bил.
504 _aСписок лит. с. 477
650 1 4 _aТеория машин и механизмов. Общие вопросы технической механики
700 1 _aГолованов, Н.Ф.
700 1 _aМясников, Н.Н.
700 1 _aСеменов, М.В.
_eред.
_4edt
090 _c505302
999 _c501887
_d501887